000 00910mam a2200313 a 4500
001 25052
003 BD-RjUL
005 20211209050826.0
008 140316s1993 njua b 001 0 eng d
020 _a1565910222
035 _a(OCoLC)173525106
035 _a(OCoLC)ocn173525106
035 _a(CStRLIN)NYFA93-B2836
035 _a(BD-RjUL)25121
035 _a(NNC)1588189
040 _aNNFIT
_cNNFIT
_beng
_dBD-RjUL
041 _aeng
082 _a951.9
_bHAN
245 0 2 _aA Handbook of Korea.
250 _a9th ed.
260 _aElizabeth, NJ :
_bHollym,
_c1993.
300 _a592 p. :
_bill. (some col.) ;
_c24 cm.
500 _aPrepared by Korean Overseas Information Service.
504 _aIncludes bibliographical references (p. 559-571) and index.
651 0 _aKorea.
_977061
651 0 _aKorea (South)
_977062
710 1 _aKorea (South).
_bHaeoe Kongbogwan.
_977063
942 _2ddc
_cBK
999 _c25052
_d25052